Municípios da Região Imediata de Bauru em um Mapa - Statistics

Estatísticas Gerais
  • Esse quiz foi jogado 97 vezes
  • A pontuação média é 6 de 19
Respostas no mapa
Respostas codificadas por cores de uma escala verde-vermelha no mapa do quiz de acordo com a % correta abaixo.
 
Estatísticas das Respostas
Resposta % Correto
Bauru
93%
Agudos
62%
Pederneiras
53%
Piratininga
42%
Iacanga
36%
Lençóis Paulista
33%
Arealva
31%
Avaí
31%
Pirajuí
31%
Reginópolis
29%
Duartina
24%
Balbinos
20%
Borebi
20%
Cabrália Paulista
18%
Lucianópolis
18%
Macatuba
18%
Paulistânia
18%
Presidente Alves
16%
Ubirajara
16%
Nenhum quiz correspondente encontrado
Distribuição das Pontuações
Porcentagem de Pessoas com Cada Pontuação
Percentil de Números Respondidos
Sua Pontuação Histórica
Você não jogou esse quiz